000
00277nam a22001337a 4500
008
190225b xxu||||| |||| 00| 0 eng d
020
_a
2616456
041
_a
eng
080
_a
531
100
_a
43
101
_a
FIZ
245
_a
College Physics
_c
Semat, H
942
_2
udc
_c
BK
999
_c
54236
_d
54236